Statistics for Countries the UK Declared War On

Click here to take the quiz!

General Stats

  • This quiz has been taken 101,299 times
  • The average score is 10 of 14

Answer Stats

Country% Correct
Germany
99%
France
98%
Italy
94%
Japan
93%
Spain
93%
Russia
92%
Austria-Hungary
85%
Dutch Republic
62%
Hungary
56%
Romania
54%
Bulgaria
53%
Ottoman Empire
53%
Finland
38%
Thailand
20%

Score Distribution

Percentile by Number Answered

Percent of People with Each Score

Your Score History

You have not taken this quiz